Estructura del Estado Colombiano / (Registro nro. 5933)
[ vista simple ]
| 000 -LEADER | |
|---|---|
| fixed length control field | 00970nam a2200217Ia 4500 |
| 003 - CONTROL NUMBER IDENTIFIER | |
| control field | OSt |
| 005 - DATE AND TIME OF LATEST TRANSACTION | |
| control field | 20200825131444.0 |
| 008 - FIXED-LENGTH DATA ELEMENTS--GENERAL INFORMATION | |
| fixed length control field | 191128s2006 ck a fr 000 0 spa d |
| 040 ## - CATALOGING SOURCE | |
| Original cataloging agency | CO-JMCR |
| Transcribing agency | CO-JMCR |
| 041 0# - LANGUAGE CODE | |
| Language code of text/sound track or separate title | spa |
| 082 04 - DEWEY DECIMAL CLASSIFICATION NUMBER | |
| Classification number | 350.003 / |
| Item number | C718e |
| Edition number | 23 |
| 110 1# - MAIN ENTRY--CORPORATE NAME | |
| Corporate name or jurisdiction name as entry element | Colombia. |
| Subordinate unit | Departamento Administrativo de la Función Pública |
| 9 (RLIN) | 9207 |
| 245 10 - TITLE STATEMENT | |
| Title | Estructura del Estado Colombiano / |
| Statement of responsibility, etc. | Departamento Administrativo de la Función Pública |
| 260 ## - PUBLICATION, DISTRIBUTION, ETC. | |
| Place of publication, distribution, etc. | Bogotá : |
| Name of publisher, distributor, etc. | Sena, |
| Date of publication, distribution, etc. | 2006 |
| 300 ## - PHYSICAL DESCRIPTION | |
| Extent | 617 páginas : |
| Other physical details | ilustraciones a blanco y negro ; |
| Dimensions | 28 cm. |
| 505 0# - FORMATTED CONTENTS NOTE | |
| Formatted contents note | Sector de la Presidencia de la República -- Sector de Interior y Justicia -- Sector de Relaciones Exteriores -- Sector Hacienda y Crédito Público -- Sector de la Defensa Nacional -- Sector Agricultura y Desarrollo Rural |
| 650 14 - SUBJECT ADDED ENTRY--TOPICAL TERM | |
| Topical term or geographic name entry element | Administración pública |
| Geographic subdivision | Colombia |
| 9 (RLIN) | 9177 |
| 650 14 - SUBJECT ADDED ENTRY--TOPICAL TERM | |
| Topical term or geographic name entry element | Instituciones públicas |
| Geographic subdivision | Colombia |
| 9 (RLIN) | 9208 |
| 650 14 - SUBJECT ADDED ENTRY--TOPICAL TERM | |
| Topical term or geographic name entry element | Gobierno local |
| Geographic subdivision | Colombia |
| 9 (RLIN) | 9209 |
| 942 ## - ADDED ENTRY ELEMENTS (KOHA) | |
| Source of classification or shelving scheme | Dewey Decimal Classification |
| Koha item type | Books |
| Withdrawn status | Lost status | Source of classification or shelving scheme | Damaged status | Not for loan | Collection code | Home library | Current library | Date acquired | Source of acquisition | Total Checkouts | Total Renewals | Full call number | Barcode | Date last seen | Date last checked out | Copy number | Koha item type |
|---|---|---|---|---|---|---|---|---|---|---|---|---|---|---|---|---|---|
| Dewey Decimal Classification | Non-fiction | Biblioteca Pública José María del Castillo y Rada | Biblioteca Pública José María del Castillo y Rada | 04/15/2018 | Donación | 2 | 1 | 350.003 / C718e | 430010096 | 05/16/2024 | 03/24/2022 | Ej.1 | Books |